000 00387nam a2200157 a 4500
001 2684
005 20140414131902.0
008 050924s19uu xx 00 eng d
020 _a0-448-08936-x
050 _aFIC
_bD54 #36
100 _aFranklin W. Dixon
245 _aThe secret of Pirates' Hill.
260 _aNew York :
_bGrosset & Dunlap.
300 _ap. ; cm.
999 _c110717
_d110717